000 00534nam a2200157Ia 4500
008 210716s1996 xx 000 0 und d
020 _a0814403190
041 _aeng
082 _a658.408 BOLD
100 _aDavid, Bollier.
245 _aAiming Higher: 25 stories of how companies prosper by combining sound management and social vision.
_b25 stories of how companies prosper by combining sound management and social vision.
250 _a1
260 _aNew York
_bAMACOM
_c1996
300 _ax,374
650 _aGeneral Management
999 _c203159
_d203159